Classic Rock Albums - Statistics

General Stats
  • This quiz has been taken 2,294 times
    2,253 since last reset
  • The average score is 15 of 25
Answer Stats
Album Band % Correct
Hotel California The Eagles
97%
The Rise and Fall of Ziggy Stardust and the Spiders from Mars David Bowie
89%
London Calling The Clash
85%
A Night at the Opera Queen
82%
Houses of the Holy Led Zeppelin
81%
Please Please Me The Beatles
79%
L.A. Woman The Doors
77%
Exile on Main St. The Rolling Stones
76%
High Voltage AC/DC
75%
Bridge Over Troubled Water Simon & Garfunkel
72%
Band on the Run Paul McCartney and Wings
68%
Quadrophenia The Who
66%
Aqualung Jethro Tull
62%
Animals Pink Floyd
62%
Toys in the Attic Aerosmith
61%
1984 Van Halen
52%
2112 Rush
50%
Eliminator ZZ Top
43%
Honky Chateau Elton John
41%
The Stranger Billy Joel
39%
Cosmo's Factory Creedence Clearwater Revival
36%
Perfect Strangers Deep Purple
31%
Damn the Torpedoes Tom Petty & The Heartbreakers
26%
Eat a Peach The Allman Brothers Band
25%
Deja Vu Crosby, Stills, Nash, and Young
19%
No matching quizzes found
Score Distribution
Percent of People with Each Score
Percentile by Number Answered
Your Score History
You have not taken this quiz since the last reset